Laboratori General d'Assaigs i Condicionament / presentació d'Antoni Roca Rosell ; edició a cura: Maria Contijoch Amill Maria Contijoch Amill
ISBN:
978-84-95705-70-9
Publicado:
Barcelona :
LAGAI, Laboratori General d'Assaigs i Investigacions : Generalitat de Catalunya : Applus ,
2008
Descripción Física:
96 p. : il., [1] plànol pleg. , 24 cm
MARC
| LEADER | 00000nam a2200000Ia 4500 | ||
|---|---|---|---|
| 001 | 21451 | ||
| 008 | 160829s2008 xx 000 0 cat d | ||
| 020 | |a 978-84-95705-70-9 | ||
| 080 | |a C-3-195 | ||
| 245 | |a Laboratori General d'Assaigs i Condicionament / presentació d'Antoni Roca Rosell ; edició a cura: |b Maria Contijoch Amill | ||
| 250 | |a Ed. facsímil | ||
| 260 | |a Barcelona : |b LAGAI, Laboratori General d'Assaigs i Investigacions : |b Generalitat de Catalunya : |b Applus, |c 2008 | ||
| 300 | |a 96 p. : |b il., [1] plànol pleg. , 24 cm | ||
| 590 | |a L'edició original té el R. 722 | ||
| 610 | 2 | 0 | |a Escola Industrial de Barcelona |9 54682 |
| 650 | |a Laboratori General d'Assaigs i Condicionament |9 45230 | ||
| 700 | |a Roca Rosell, Antoni |9 45231 | ||
| 700 | |a Contijoch Amill, Maria, ed. |9 45232 | ||
| 700 | |a Catalunya. Mancomunitat. Laboratori General d'Assaigs i Condicionament |9 24944 | ||
| 901 | |a Arxiu | ||
| 942 | |n 1 | ||
| 952 | |0 0 |1 0 |4 0 |6 C3195 |7 1 |9 52467 |a Arxiu |b Arxiu |d 2016-12-01 |l 0 |o C-3-195 |p 21451 |r 2016-12-01 00:00:00 |w 2016-12-01 |y ARXIU | ||
| 999 | |c 56315 |d 56315 | ||